000 00722cam a22002413a 4500
001 3152
003 PGUSA
005 20140828083026.0
008 020401s2002||||xxu|||||s|||||000 | eng d
040 _aPGUSA
_beng
042 _adc
050 4 _aPZ
100 1 _aNeilson, William Allan,
_d1869-1946
245 1 4 _aThe Junior Classics — Volume 1 :
_bFairy and wonder tales
_h[electronic resource] /
_cWilliam Allan Neilson
260 _bProject Gutenberg,
_c2002
506 _aPublic domain in the USA.
516 _aElectronic text
653 _aChildren's literature
700 1 _aPatten, William,
_d1868-1936
830 0 _aProject Gutenberg
_v3152
856 4 0 _uhttp://www.gutenberg.org/ebooks/3152
942 _cEB
999 _c232481
_d232481